[Event "Bayernliga U20 1314"]
[Site "Bayern"]
[Date "2014.01.25"]
[Round "5.3"]
[White "Gerlach, Dominique"]
[Black "Oberpriller, Johannes"]
[Result "1/2-1/2"]
[WhiteElo "1703"]
[BlackElo "1904"]
[PlyCount "60"]
[EventDate "2013.11.16"]
[EventType "team-tourn"]
[EventRounds "7"]
[EventCountry "GER"]
[SourceTitle "EXT 2022"]
[Source "ChessBase"]
[SourceDate "2021.10.06"]
[SourceVersion "1"]
[SourceVersionDate "2021.10.06"]
[SourceQuality "1"]
[WhiteTeam "Weilheim U20"]
[BlackTeam "Vaterstetten SC U20"]
[WhiteTeamCountry "GER"]
[BlackTeamCountry "GER"]

1. d4 Nf6 2. Nf3 e6 3. e3 b6 4. Bd3 Bb7 5. 0-0 Be7 6. b3 0-0 7. Bb2 d6 8. c4 Nbd7 9. Nc3 c5 10. d5 Re8 11. Rc1 a6 12. e4 Bf8 13. Re1 e5 14. Ne2 g6 15. Ng3 h5 16. h4 Bh6 17. Rb1 Nf8 18. Bc1 Bg7 19. Ng5 Bc8 20. Be2 N6h7 21. Qd3 f6 22. Nf3 Ra7 23. Bd2 Ree7 24. Rf1 Reb7 25. b4 Nd7 26. a3 b5 27. Rfc1 Bf8 28. Be3 Rc7 29. Qb3 Rab7 30. Nd2 Kg7 1/2-1/2

[Event "Bayernliga U20 1314"]
[Site "Bayern"]
[Date "2013.11.30"]
[Round "2.3"]
[White "Haller, Karl"]
[Black "Gerlach, Dominique"]
[Result "1/2-1/2"]
[WhiteElo "1656"]
[BlackElo "1703"]
[PlyCount "135"]
[EventDate "2013.11.16"]
[EventType "team-tourn"]
[EventRounds "7"]
[EventCountry "GER"]
[SourceTitle "EXT 2022"]
[Source "ChessBase"]
[SourceDate "2021.10.06"]
[SourceVersion "1"]
[SourceVersionDate "2021.10.06"]
[SourceQuality "1"]
[WhiteTeam "Amberg SGS U20"]
[BlackTeam "Weilheim U20"]
[WhiteTeamCountry "GER"]
[BlackTeamCountry "GER"]

1. c4 e5 2. Nc3 Nc6 3. Nf3 f5 4. d3 Nf6 5. g3 d6 6. Bg2 Be7 7. 0-0 0-0 8. a3 a5 9. Rb1 Rb8 10. b4 axb4 11. axb4 b6 12. b5 Na5 13. Bd2 Bb7 14. Na2 c5 15. Bxa5 bxa5 16. Nc3 Nd7 17. Qb3 Nb6 18. Ra1 Ra8 19. Ra2 Qc7 20. Rfa1 Nd7 21. Ra4 Ra7 22. b6 Nxb6 23. Nb5 Qb8 24. Rxa5 Rxa5 25. Rxa5 Nc8 26. Nc3 Qc7 27. Rb5 Bc6 28. Rb8 Na7 29. Rxf8+ Kxf8 30. Na4 Bd8 31. Nd2 Bxg2 32. Kxg2 Nc6 33. e3 Nb4 34. e4 g6 35. Qb1 Qa5 36. Nc3 Bg5 37. Nf3 Bh6 38. h4 Qa3 39. Nb5 Qxd3 40. Qxd3 Nxd3 41. exf5 gxf5 42. Nxd6 f4 43. g4 Ke7 44. Nf5+ Ke6 45. Nxh6 e4 46. Ng5+ Ke5 47. Nxh7 e3 48. fxe3 fxe3 49. Kf3 Kd4 50. Nf5+ Kxc4 51. Kxe3 Ne5 52. g5 Kd5 53. h5 Ke6 54. Ke4 Nd7 55. Kf4 c4 56. Ne3 c3 57. Ke4 Kf7 58. Kf5 Kg7 59. g6 Nc5 60. Ng5 Nd7 61. Nf7 Nf8 62. h6+ Kg8 63. Kf6 Nd7+ 64. Kg5 Nf8 65. Ne5 Ne6+ 66. Kh5 Nf4+ 67. Kg4 Ne6 68. h7+ 1/2-1/2

[Event "Landesliga Sued 1213 U20"]
[Site "Bayern"]
[Date "2013.01.19"]
[Round "4.3"]
[White "Gerlach, Dominique"]
[Black "Baumhoer, Laurenz"]
[Result "1-0"]
[WhiteElo "1636"]
[BlackElo "1405"]
[PlyCount "97"]
[EventDate "2012.10.20"]
[EventType "team-tourn"]
[EventRounds "7"]
[EventCountry "GER"]
[SourceTitle "EXT 2020"]
[Source "ChessBase"]
[SourceDate "2019.10.17"]
[SourceVersion "1"]
[SourceVersionDate "2019.10.17"]
[SourceQuality "1"]
[WhiteTeam "Weilheim U20"]
[BlackTeam "Ismaning U20"]
[WhiteTeamCountry "GER"]
[BlackTeamCountry "GER"]

1. d4 Nf6 2. Nf3 d6 3. c4 g6 4. Nc3 Bg7 5. e4 Nbd7 6. b4 0-0 7. Be2 Re8 8. 0-0 e5 9. d5 a5 10. b5 Nc5 11. Bg5 Bd7 12. Rb1 Qc8 13. Bxf6 Bxf6 14. Nd2 Bg5 15. Nb3 Nxb3 16. Rxb3 b6 17. a4 f5 18. Bd3 Kg7 19. Ne2 Rf8 20. exf5 gxf5 21. f4 Be7 22. Ng3 Rf7 23. Qh5 e4 24. Bc2 Qf8 25. Ne2 Rf6 26. Rh3 h6 27. Nd4 Be8 28. Rg3+ Kh7 29. Qe2 Bd7 30. Re1 Re8 31. Qh5 Qf7 32. Qh3 Bd8 33. Ree3 Rg6 34. Rxg6 Qxg6 35. Bd1 Qf6 36. Nc6 Bxc6 37. dxc6 Qd4 38. Be2 Rf8 39. Kf2 Rg8 40. Qxf5+ Rg6 41. Qf7+ Rg7 42. Qf5+ Kh8 43. Qxe4 Bf6 44. Qe8+ Rg8 45. Qe4 Rf8 46. Bd3 Rf7 47. Kf3 Qa1 48. Qg6 Qd1+ 49. Be2 1-0

[Event "Landesliga Sued 1213 U20"]
[Site "Bayern"]
[Date "2012.10.20"]
[Round "1.3"]
[White "Leeb, Jonas"]
[Black "Gerlach, Dominique"]
[Result "1/2-1/2"]
[WhiteElo "1761"]
[BlackElo "1636"]
[PlyCount "87"]
[EventDate "2012.10.20"]
[EventType "team-tourn"]
[EventRounds "7"]
[EventCountry "GER"]
[SourceTitle "EXT 2020"]
[Source "ChessBase"]
[SourceDate "2019.10.17"]
[SourceVersion "1"]
[SourceVersionDate "2019.10.17"]
[SourceQuality "1"]
[WhiteTeam "Muenchen Suedost U20 II"]
[BlackTeam "Weilheim U20"]
[WhiteTeamCountry "GER"]
[BlackTeamCountry "GER"]

1. e4 c5 2. Nf3 Nc6 3. Bb5 d6 4. 0-0 Bd7 5. Re1 Nf6 6. d3 g6 7. h3 Bg7 8. c3 Qb6 9. Ba4 0-0 10. Qc2 Rac8 11. Be3 Qc7 12. Nbd2 a6 13. a3 b5 14. Bb3 Na5 15. Ba2 c4 16. d4 d5 17. e5 Bf5 18. Qd1 Ne4 19. Nxe4 Bxe4 20. Nd2 Bd3 21. Bb1 Bxb1 22. Rxb1 e6 23. f4 Nc6 24. g4 Ne7 25. Kg2 Qd7 26. Kg3 f5 27. g5 Qb7 28. h4 Kf7 29. Qc2 a5 30. Rec1 Rc7 31. b4 a4 32. Rh1 Rcc8 33. Rh3 Rh8 34. Rbh1 Qb8 35. Nf3 Rcg8 36. R1h2 Qd8 37. Qe2 Qb8 38. Qe1 Qd8 39. Qh1 Qc8 40. h5 Qd8 41. hxg6+ hxg6 42. Rxh8 Rxh8 43. Rxh8 Qxh8 44. Qxh8 1/2-1/2